00394nam a2200157Ia 4500001000500000005001700005008004100022041000800063082001800071100002900089245006000118260000900178300003300187650000800220654000800228219520260306143824.0260306t2024||||xx |||||||||||||| ||spa|| aESP a616.042bC264 aCohn, Ronald Doron,eAUT 0aThompson y Thompson genética y genómica en medicina c2024 axxv, 645 páginas :c28 cm. aGEN aCCS